| 000 | 00514nam a22001817a 4500 | ||
|---|---|---|---|
| 008 | 230322b |||||||| |||| 00| 0 eng d | ||
| 020 | _a0-914894-36-6 | ||
| 040 |
_aNational Science Library _cNational Science Library |
||
| 080 |
_aD 681.3:65 _bM0;M2 |
||
| 100 | 1 |
_aUllman, Jeffrey D _94117 |
|
| 245 | _aPrinciples of database systems | ||
| 250 | _a2nd ed. | ||
| 260 |
_aLondon: _bPitman Publishing Ltd, _c1982 |
||
| 300 | _avii, 484p. | ||
| 650 | _aDatabases | ||
| 653 | _aNetwork model | ||
| 942 |
_2udc _cBK |
||
| 999 |
_c12385 _d12385 |
||